Signaux pour les voyants : (Registro nro. 17188)
[ vista simple ]
| 000 -CABECERA | |
|---|---|
| campo de control de longitud fija | 00560cam a2200193 a 4500 |
| 001 - NÚMERO DE CONTROL | |
| campo de control | 000017663 |
| 005 - FECHA Y HORA DE LA ÚLTIMA TRANSACCIÓN | |
| campo de control | 20200929165203.0 |
| 008 - DATOS DE LONGITUD FIJA--INFORMACIÓN GENERAL | |
| campo de control de longitud fija | 741126s1972 xxc 000 0 fre d |
| 040 ## - FUENTE DE LA CATALOGACIÓN | |
| Centro catalogador/agencia de origen | DO-SdBNP |
| Centro/agencia transcriptor | DeU |
| Centro/agencia modificador | DLC |
| -- | BNPHU |
| 042 ## - CÓDIGO DE AUTENTICACIÓN | |
| Código de autenticación | premarc |
| 082 ## - NÚMERO DE LA CLASIFICACIÓN DECIMAL DEWEY | |
| Número de clasificación | NNNN |
| Número de documento/Ítem | H677s |
| 049 ## - FONDOS LOCALES (OCLC) | |
| Fondos de biblioteca | BNGR |
| 100 1# - ENTRADA PRINCIPAL--NOMBRE DE PERSONA | |
| Nombre de persona | Hénault, Gilles, |
| Fechas asociadas al nombre | 1920- |
| 9 (RLIN) | 38480 |
| 245 10 - MENCIÓN DE TÍTULO | |
| Título | Signaux pour les voyants : |
| Resto del título | poèmes 1941-1962 / |
| Mención de responsabilidad, etc. | [par] Gilles Henault. |
| 260 ## - PUBLICACIÓN, DISTRIBUCIÓN, ETC. | |
| Lugar de publicación, distribución, etc. | Ottawa : |
| Nombre del editor, distribuidor, etc. | L'Hexagone, |
| Fecha de publicación, distribución, etc. | 1972. |
| 300 ## - DESCRIPCIÓN FÍSICA | |
| Extensión | 211 p. ; |
| Dimensiones | 20 cm. |
| 504 ## - NOTA DE BIBLIOGRAFÍA, ETC. | |
| Nota de bibliografía, etc. | Bibliography: 203 |
| 910 ## - DATOS DE OPCIÓN DEL USUARIO (OCLC) | |
| Datos de opción del usuario | Catalogación derivada |
| Estado de retiro | Estado de pérdida | Restricciones de uso | No para préstamo | Código de colección | Localización permanente | Ubicación/localización actual | Ubicación en estantería | Fecha de adquisición | Número de inventario | Total de préstamos | Signatura topográfica completa | Código de barras | Fecha visto por última vez | Número de copia | Precio válido a partir de | Tipo de ítem Koha |
|---|---|---|---|---|---|---|---|---|---|---|---|---|---|---|---|---|
| Préstamo restringido | Préstamo restrigido | Monografías: Libros y Folletos | General | General | En catalogación | 29.03.2010 | LF1 | NNNN H677s | 17663-10 | 25.06.2020 | e. 1 | 25.06.2020 | No se presta |
